Aquí se fabrican pobres: El sistema privado de pensiones chileno.

में बचाया:
ग्रंथसूची विवरण
मुख्य लेखक: Rivadeneira Martínez, Carlos Alberto (autor)
स्वरूप: पुस्तक
प्रकाशित: Santiago, Chile: LOM ediciones, 2017.
संस्करण:1ª ed.
श्रृंखला:Colección Ciencias Sociales y Humanas
विषय:
टैग: टैग जोड़ें
कोई टैग नहीं, इस रिकॉर्ड को टैग करने वाले पहले व्यक्ति बनें!

MARC

LEADER 00000nam a22000007a 4500
003 CL-VaPUC
005 20240819124132.0
008 230524t2017 ||||| |||| 00| 0 eng d
999 |c 440967  |d 440965 
020 |a 978-956-00-0892-3 
040 |c Pontificia Universidad Católica de Valparaíso 
082 |a 331.2520983 RIV 2017 
100 1 |a Rivadeneira Martínez, Carlos Alberto  |9 740163  |e autor 
245 1 0 |a Aquí se fabrican pobres:  |b El sistema privado de pensiones chileno. 
250 |a 1ª ed. 
260 |a Santiago, Chile:  |b LOM ediciones,  |c 2017. 
300 |a 206 páginas. 
490 0 |a Colección Ciencias Sociales y Humanas 
500 |a c.1 Donación Prof. Carlos Salinas. Memo DER 004/2023 
583 |c 20230524  |k Catalogador Asistente 
650 0 |a Administradoras de Fondos de Pensiones (AFP)  |z Chile  |9 255319 
650 0 |a Seguridad social  |9 255322  |z Chile 
650 0 |a Sistema de pensiones  |9 482088  |z Chile 
942 |2 ddc  |c BK 
952 |0 0  |1 0  |2 ddc  |4 0  |6 331_252098300000000_RIV_2017  |7 0  |8 A  |9 590167  |a BIBDER  |b BIBDER  |d 2023-05-24  |e Donación  |i 5657516  |o 331.2520983 RIV 2017  |p 5657516  |r 2023-05-24  |t 1  |w 2023-05-24  |y BK  |k DER